U.S. States With The Highest Percentage of Covid-19 Vaccinated People - Statistics

General Stats
  • This quiz has been taken 47 times
  • The average score is 13 of 15
Answer Stats
Rank % of Fully Vaccinated State % Correct
11 57.4% New York
95%
5 61.72% Rhode Island
95%
1 67.7% Vermont
95%
9 57.9% Washington
95%
6 59.11% Maryland
92%
2 64.14% Massachusetts
92%
4 63.61% Connecticut
90%
8 58.46% New Hampshire
90%
3 64.04% Maine
87%
15 53.97% Minnesota
87%
12 56.17% Oregon
87%
14 54.66% Colorado
82%
7 58.7% New Jersey
79%
13 54.77% Virginia
74%
10 57.47% New Mexico
64%
No matching quizzes found
Score Distribution
Percent of People with Each Score
Percentile by Number Answered
Your Score History
You have not taken this quiz